00494nam a2200133Ia 4500008004100000100003000041245007900071245005900150260005300209260001400262300000800276650001500284856006100299170221s9999 xx 000 0 und d aIlya Iosifovitch Livshitz aModels of Complex Industrial Facilities Assessment Based on Risk Approach  cIlya Iosifovitch Livshitz, Lada Avenirovna Podolyanets bInternational Review of Management and Marketing cJune 2013 a5:1 xMarketing. uhttp://www.econjournals.com/index.php/irmm/issue/view/83